[Event "Karlsruhe Grenke op"]
[Site "Karlsruhe"]
[Date "2024.03.30"]
[Round "4"]
[White "Arnold, Max"]
[Black "Nevednichy, Vladislav"]
[Result "0-1"]
[WhiteElo "2290"]
[BlackElo "2445"]
[PlyCount "70"]
[EventDate "2024.03.28"]
[EventType "swiss"]
[EventRounds "9"]
[EventCountry "GER"]
[SourceTitle "CB14_2024"]
[SourceDate "2024.04.01"]
[SourceVersion "1"]
[SourceVersionDate "2024.04.01"]
[SourceQuality "1"]

1. e4 d6 2. d4 Nf6 3. Nc3 e5 4. Nf3 Nbd7 5. Rg1 g6 6. g4 Bg7 7. Be3 0-0 8. g5 Nh5 9. Qd2 c6 10. 0-0-0 Qe7 11. Kb1 Re8 12. Be2 Nf8 13. Nh4 Nf4 14. Bxf4 exd4 15. Nb5 cxb5 16. Bxb5 Bd7 17. Bxd7 Qxd7 18. Rge1 Ne6 19. Nf3 Qc6 20. Bg3 Rac8 21. Rc1 Red8 22. Qd1 Qb6 23. e5 d5 24. Ka1 Bf8 25. h4 Rc4 26. Nd2 Rb4 27. b3 Rb5 28. Nb1 Rc8 29. f4 Ra5 30. Qe2 Bb4 31. Rf1 Rxa2+ 32. Kxa2 Qa5+ 33. Kb2 Bc3+ 34. Nxc3 dxc3+ 35. Kb1 Qa3 0-1

[Event "Titled Tuesday intern op 29th Aug Late"]
[Site "Chess.com INT"]
[Date "2023.08.29"]
[Round "4"]
[White "Arnold, Max"]
[Black "Ghasi, Ameet K"]
[Result "1-0"]
[WhiteElo "2317"]
[BlackElo "2506"]
[PlyCount "177"]
[EventDate "2023.08.29"]
[EventType "swiss (blitz)"]
[EventRounds "11"]
[EventCountry "USA"]
[SourceTitle "EXT 2024"]
[Source "ChessBase"]
[SourceDate "2023.10.10"]
[SourceVersion "1"]
[SourceVersionDate "2023.10.10"]
[SourceQuality "1"]

1. e4 g6 2. d4 Bg7 3. c3 d6 4. Nf3 Nf6 5. Bd3 0-0 6. 0-0 Nc6 7. h3 e5 8. Re1 Nd7 9. Be3 a6 10. Nbd2 b6 11. Nf1 Bb7 12. Ng3 Ne7 13. Qd2 Re8 14. Bh6 Bh8 15. Rad1 Nc6 16. Bc2 Qe7 17. a3 Na5 18. Qd3 b5 19. b3 Rad8 20. Qd2 c5 21. d5 Rc8 22. c4 Qd8 23. Qd3 Rb8 24. Nd2 Bc8 25. Rb1 b4 26. a4 Bg7 27. Qe3 Qh4 28. Bg5 Qxg5 29. Qxg5 Bf6 30. Qe3 Bg7 31. Ndf1 Nf8 32. Nh2 h5 33. Nf3 Nh7 34. h4 Nf6 35. Ng5 Bh6 36. f3 Nh7 37. Qf2 Nxg5 38. hxg5 Bxg5 39. Ne2 Bd7 40. Rbd1 Nb7 41. g3 Bh6 42. f4 Bg4 43. Kg2 Bg7 44. f5 Rf8 45. Rc1 Bh6 46. Rb1 Bg5 47. Ng1 Rbe8 48. Nf3 Bd8 49. Nh2 Kg7 50. Nxg4 hxg4 51. Rh1 Rh8 52. Qe2 Bf6 53. Qxg4 g5 54. Rxh8 Rxh8 55. Rh1 Rxh1 56. Kxh1 a5 57. Qh5 Nd8 58. Bd1 Nb7 59. Qh3 Nd8 60. Bh5 Kg8 61. Kg2 Kg7 62. Kf3 Kg8 63. Kg4 Kg7 64. Kf3 Kg8 65. Ke2 Kg7 66. Bg4 Nb7 67. Qh5 Nd8 68. Kd3 Nb7 69. Qh3 Nd8 70. Bh5 Kg8 71. Bxf7+ Nxf7 72. Qh5 Kf8 73. Qg6 Ke7 74. Qg8 Nd8 75. Ke3 Kd7 76. Kf3 Ke7 77. Kg4 Nf7 78. Qa8 Bg7 79. Kh5 Bf6 80. Qxa5 Kf8 81. Kg6 Bd8 82. Qa8 Nh8+ 83. Kh7 Nf7 84. Qb7 Be7 85. Qb8+ Bd8 86. Qc7 g4 87. Qd7 Bc7 88. Kg6 Bd8 89. Qxf7# 1-0

[Event "Titled Tuesday intern op 29th Aug Late"]
[Site "Chess.com INT"]
[Date "2023.08.29"]
[Round "1"]
[White "Arnold, Max"]
[Black "Yanchenko, Roman"]
[Result "0-1"]
[WhiteElo "2317"]
[BlackElo "2466"]
[PlyCount "60"]
[EventDate "2023.08.29"]
[EventType "swiss (blitz)"]
[EventRounds "11"]
[EventCountry "USA"]
[SourceTitle "EXT 2024"]
[Source "ChessBase"]
[SourceDate "2023.10.10"]
[SourceVersion "1"]
[SourceVersionDate "2023.10.10"]
[SourceQuality "1"]

1. e4 e6 2. d4 d5 3. exd5 exd5 4. Nf3 Nf6 5. Bd3 c5 6. 0-0 c4 7. Re1+ Be7 8. Bf1 0-0 9. b3 cxb3 10. axb3 Nc6 11. Bf4 Bf5 12. Ne5 Nb4 13. Na3 Rc8 14. c4 a6 15. h3 h6 16. c5 Re8 17. Nd3 Nc6 18. Nc2 Ne4 19. Ne5 Nxe5 20. Bxe5 Bxc5 21. Bxg7 Qh4 22. Qf3 Nxf2 23. Qxf5 Bd6 24. Bf6 Qg3 25. Rxe8+ Rxe8 26. Be5 Rxe5 27. Qxf2 Qc3 28. dxe5 Bc5 29. Qxc5 Qxc5+ 30. Kh1 Qxc2 0-1

[Event "Oberliga Baden 2223"]
[Site "Germany"]
[Date "2022.11.27"]
[Round "4.2"]
[White "Arnold, Max"]
[Black "Haag, Gregor"]
[Result "1-0"]
[WhiteElo "2346"]
[BlackElo "2340"]
[PlyCount "63"]
[EventDate "2022.09.18"]
[EventType "team-tourn"]
[EventRounds "9"]
[EventCountry "GER"]
[SourceTitle "EXT 2024"]
[Source "ChessBase"]
[SourceDate "2023.10.10"]
[SourceVersion "1"]
[SourceVersionDate "2023.10.10"]
[SourceQuality "1"]
[WhiteTeam "Ettlingen"]
[BlackTeam "Brombach"]
[WhiteTeamCountry "GER"]
[BlackTeamCountry "GER"]

1. e4 c5 2. Nf3 e6 3. d4 cxd4 4. Nxd4 Nc6 5. Nc3 Qc7 6. Be3 a6 7. a3 b5 8. Nxc6 Qxc6 9. Bd3 Bb7 10. Qd2 Rc8 11. 0-0 Nf6 12. f3 Qc7 13. Kh1 Be7 14. Bd4 d6 15. a4 b4 16. Na2 e5 17. Bg1 d5 18. Nxb4 Qa5 19. c3 dxe4 20. fxe4 0-0 21. Nc2 Nxe4 22. Qe2 Nd6 23. b4 Qd5 24. Bxa6 Bxa6 25. Qxa6 Rxc3 26. Ne3 Qe4 27. Rae1 Ra8 28. Qe2 Bh4 29. Bf2 Bxf2 30. Qxf2 Qg6 31. Nd5 Qd3 32. Rd1 1-0

[Event "Oberliga Baden 2223"]
[Site "Germany"]
[Date "2022.10.23"]
[Round "3.2"]
[White "Schlosser, Philipp"]
[Black "Arnold, Max"]
[Result "1/2-1/2"]
[WhiteElo "2505"]
[BlackElo "2346"]
[PlyCount "90"]
[EventDate "2022.09.18"]
[EventType "team-tourn"]
[EventRounds "9"]
[EventCountry "GER"]
[SourceTitle "EXT 2024"]
[Source "ChessBase"]
[SourceDate "2023.10.10"]
[SourceVersion "1"]
[SourceVersionDate "2023.10.10"]
[SourceQuality "1"]
[WhiteTeam "Baden-Baden III"]
[BlackTeam "Ettlingen"]
[WhiteTeamCountry "GER"]
[BlackTeamCountry "GER"]

1. d4 Nf6 2. c4 e6 3. Nc3 Bb4 4. e3 0-0 5. Bd3 d5 6. cxd5 exd5 7. Nge2 Bd6 8. Bd2 b6 9. 0-0 Re8 10. Rc1 c5 11. Ng3 Ba6 12. Bxa6 Nxa6 13. Nb5 Bxg3 14. hxg3 Qd7 15. a4 Ne4 16. Be1 Rac8 17. b3 h6 18. dxc5 Naxc5 19. f3 Nd6 20. Nxd6 Qxd6 21. Bf2 Rcd8 22. b4 Ne6 23. Qd2 d4 24. Rfd1 d3 25. e4 Rd7 26. Rc4 Red8 27. Qc3 Rc7 28. Kf1 h5 29. Rxc7 Nxc7 30. Qd2 Ne6 31. Rc1 Qe5 32. Be1 f5 33. Rc4 b5 34. f4 Qd6 35. axb5 fxe4 36. Rxe4 Kh7 37. Bf2 g6 38. Re5 Rd7 39. Kg1 Ng7 40. Kh2 Nf5 41. Re8 Qf6 42. Be1 Qd4 43. Bf2 Qf6 44. Be1 Qd4 45. Bf2 Qf6 1/2-1/2

[Event "GER-ch 93rd"]
[Site "Magdeburg"]
[Date "2022.08.16"]
[Round "3"]
[White "Krassowizkij, Jaroslaw"]
[Black "Arnold, Max"]
[Result "1-0"]
[WhiteElo "2429"]
[BlackElo "2350"]
[PlyCount "111"]
[EventDate "2022.08.14"]
[EventType "swiss"]
[EventRounds "9"]
[EventCountry "GER"]
[SourceTitle "CBM 209 Extra"]
[Source "ChessBase"]
[SourceDate "2022.09.30"]
[SourceVersion "1"]
[SourceVersionDate "2022.09.30"]
[SourceQuality "1"]

1. d4 d5 2. c4 e6 3. Nf3 a6 4. Nbd2 Nf6 5. g3 c5 6. Bg2 Nc6 7. cxd5 exd5 8. 0-0 Be7 9. dxc5 Bxc5 10. a3 0-0 11. b4 Ba7 12. Bb2 Re8 13. Rc1 Qe7 14. e3 Bg4 15. h3 Bf5 16. Nb3 Be4 17. Nc5 a5 18. Bxf6 Qxf6 19. b5 Bxc5 20. Rxc5 Qd6 21. Rc3 Qf6 22. Rc1 Ne5 23. Nxe5 Qxe5 24. Qa4 h5 25. Rfd1 h4 26. g4 Qb2 27. Bxe4 Rxe4 28. Qc2 Qxb5 29. Rb1 Qc6 30. Qb3 Ra4 31. Qxb7 Qxb7 32. Rxb7 Rd8 33. Rd3 Rc4 34. Ra7 a4 35. Rd4 Rc2 36. Raxa4 Rd6 37. g5 f5 38. Rf4 Kh7 39. Rxf5 Kg6 40. Re5 Ra2 41. Rxh4 Rxa3 42. Rd4 Ra5 43. Kg2 Kh5 44. Kg3 Rd8 45. Rg4 Kg6 46. Rd4 Kh5 47. Kg2 Rc5 48. h4 Rd7 49. Kg3 Rd8 50. Re7 Rg8 51. Rd7 Rb5 52. R7xd5 Rxd5 53. Rxd5 g6 54. f4 Re8 55. Kf3 Kxh4 56. Rd1 1-0

[Event "GER-ch 93rd"]
[Site "Magdeburg"]
[Date "2022.08.15"]
[Round "2"]
[White "Arnold, Max"]
[Black "Parvanyan, Ashot"]
[Result "1/2-1/2"]
[WhiteElo "2350"]
[BlackElo "2424"]
[PlyCount "81"]
[EventDate "2022.08.14"]
[EventType "swiss"]
[EventRounds "9"]
[EventCountry "GER"]
[SourceTitle "CBM 209 Extra"]
[Source "ChessBase"]
[SourceDate "2022.09.30"]
[SourceVersion "1"]
[SourceVersionDate "2022.09.30"]
[SourceQuality "1"]

1. e4 e6 2. d4 d5 3. Nc3 Nf6 4. Bg5 dxe4 5. Nxe4 Be7 6. Nxf6+ Bxf6 7. Bxf6 Qxf6 8. Nf3 c5 9. Qd3 cxd4 10. Qxd4 Qxd4 11. Nxd4 Ke7 12. Be2 Nd7 13. 0-0-0 Nc5 14. Bf3 e5 15. Nb5 Be6 16. Nc7 Rab8 17. Nd5+ Kf8 18. Rhe1 f6 19. Re3 Kf7 20. b4 Na6 21. Kb2 Rhd8 22. c4 Rbc8 23. c5 Rd7 24. a3 Nc7 25. Nxc7 Rcxc7 26. Rxd7+ Bxd7 27. Kc3 Ke7 28. Bd5 Bb5 29. f4 b6 30. Bc4 Bxc4 31. Kxc4 Ke6 32. g4 g6 33. a4 bxc5 34. bxc5 Rb7 35. c6 Rb1 36. fxe5 fxe5 37. Rh3 Rc1+ 38. Kb5 Rb1+ 39. Kc5 Rc1+ 40. Kb5 Rb1+ 41. Kc5 1/2-1/2

[Event "Davos Challenge op"]
[Site "Davos"]
[Date "2022.06.06"]
[Round "7"]
[White "Arnold, Max"]
[Black "Peng, Li Min"]
[Result "0-1"]
[WhiteElo "2345"]
[BlackElo "2503"]
[PlyCount "56"]
[EventDate "2022.06.03"]
[EventType "swiss"]
[EventRounds "7"]
[EventCountry "SUI"]
[SourceTitle "CBM 208 Extra"]
[Source "ChessBase"]
[SourceDate "2022.07.31"]
[SourceVersion "1"]
[SourceVersionDate "2022.07.31"]
[SourceQuality "1"]

1. e4 e6 2. d4 d5 3. e5 c5 4. c3 Nc6 5. Nf3 Bd7 6. Bd3 Nge7 7. 0-0 Ng6 8. Be3 Be7 9. Bxg6 hxg6 10. dxc5 Qc7 11. Bd4 g5 12. h3 f5 13. Re1 g4 14. hxg4 fxg4 15. Nfd2 0-0-0 16. Na3 Rh5 17. f4 Rdh8 18. Nb5 Qa5 19. a4 Nxd4 20. Nxd4 g3 21. Kf1 Qa6+ 22. Nb5 Bxb5+ 23. axb5 Qxb5+ 24. c4 dxc4 25. Qa4 Rh1+ 26. Ke2 Rxe1+ 27. Kxe1 Qxc5 28. Kd1 Qd5 0-1

[Event "Oberliga Baden 2122"]
[Site "Germany"]
[Date "2022.03.06"]
[Round "8.2"]
[White "Arnold, Max"]
[Black "Maier, Christian"]
[Result "1/2-1/2"]
[WhiteElo "2348"]
[BlackElo "2292"]
[PlyCount "82"]
[EventDate "2021.10.10"]
[EventType "team-tourn"]
[EventRounds "11"]
[EventCountry "GER"]
[SourceTitle "EXT 2023"]
[Source "ChessBase"]
[SourceDate "2022.10.05"]
[SourceVersion "1"]
[SourceVersionDate "2022.10.05"]
[SourceQuality "1"]
[WhiteTeam "Ettlingen"]
[BlackTeam "Emmendingen"]
[WhiteTeamCountry "GER"]
[BlackTeamCountry "GER"]

1. e4 e5 2. Bc4 Nf6 3. d3 Bc5 4. Nc3 c6 5. Bb3 d5 6. Nf3 Qd6 7. exd5 cxd5 8. Bg5 Be6 9. 0-0 Nbd7 10. d4 exd4 11. Nb5 Qb6 12. Nbxd4 0-0 13. h3 Ne4 14. Be3 Ndf6 15. Qd3 Rad8 16. Rfe1 a6 17. c3 Qd6 18. Nc2 Rfe8 19. Rad1 Bxh3 20. gxh3 Nxf2 21. Kxf2 Ne4+ 22. Kf1 Qg3 23. Bxc5 Qxh3+ 24. Kg1 Qg3+ 25. Kh1 Nxc5 26. Qf5 g6 27. Rg1 Ne4 28. Rdf1 gxf5 29. Ncd4 Rd6 30. Nxf5 Qxg1+ 31. Rxg1+ Rg6 32. Rxg6+ hxg6 33. N5d4 Nf6 34. Kg2 Kg7 35. Nd2 Kh6 36. Kf3 Kg5 37. Nf1 Kh6 38. Ne3 Re5 39. Kf4 Re4+ 40. Kf3 Re5 41. Kf4 Re4+ 1/2-1/2

[Event "Bodensee-Cup"]
[Site "Ueberlingen/Nussdorf"]
[Date "2021.10.16"]
[Round "2.7"]
[White "Neyman, Igor"]
[Black "Arnold, Max"]
[Result "0-1"]
[WhiteElo "2321"]
[BlackElo "2298"]
[PlyCount "74"]
[EventDate "2021.10.15"]
[EventType "team-tourn"]
[EventRounds "3"]
[EventCountry "GER"]
[SourceTitle "EXT 2023"]
[Source "ChessBase"]
[SourceDate "2022.10.05"]
[SourceVersion "1"]
[SourceVersionDate "2022.10.05"]
[SourceQuality "1"]
[WhiteTeam "Wuerttemberg"]
[BlackTeam "Baden"]
[WhiteTeamCountry "GER"]
[BlackTeamCountry "GER"]

1. c4 e6 2. Nf3 d5 3. e3 c5 4. d4 Nf6 5. Nc3 Nc6 6. b3 cxd4 7. Nxd4 Bb4 8. Bd2 Nxd4 9. exd4 dxc4 10. bxc4 0-0 11. Qb1 Qe7 12. a3 Ba5 13. Ne4 Bxd2+ 14. Nxd2 e5 15. d5 e4 16. Qb3 Ng4 17. Be2 e3 18. fxe3 Nxe3 19. Nf1 Nxg2+ 20. Kd2 Bf5 21. Rg1 Nf4 22. Ne3 Bg6 23. Rae1 Rfe8 24. Rg3 b5 25. Qb4 Qe5 26. Qc3 bxc4 27. Qxe5 Rxe5 28. Bxc4 Rd8 29. Rf3 Nh5 30. Nd1 Rxe1 31. Kxe1 Nf6 32. Nc3 Kf8 33. Rf4 Re8+ 34. Kf2 Ne4+ 35. Nxe4 Bxe4 36. Bb5 Re5 37. d6 f5 0-1

[Event "Oberliga Baden 2122"]
[Site "Germany"]
[Date "2021.10.10"]
[Round "1.2"]
[White "Dobosz, Henryk"]
[Black "Arnold, Max"]
[Result "1/2-1/2"]
[WhiteElo "2369"]
[BlackElo "2348"]
[PlyCount "68"]
[EventDate "2021.10.10"]
[EventType "team-tourn"]
[EventRounds "11"]
[EventCountry "GER"]
[SourceTitle "EXT 2023"]
[Source "ChessBase"]
[SourceDate "2022.10.05"]
[SourceVersion "1"]
[SourceVersionDate "2022.10.05"]
[SourceQuality "1"]
[WhiteTeam "Buchen"]
[BlackTeam "Ettlingen"]
[WhiteTeamCountry "GER"]
[BlackTeamCountry "GER"]

1. d4 d5 2. c4 e6 3. Nc3 c5 4. e3 Nf6 5. Nf3 Nc6 6. a3 a6 7. cxd5 exd5 8. dxc5 Bxc5 9. Be2 0-0 10. 0-0 Re8 11. b4 Ba7 12. Bb2 Bf5 13. Rc1 d4 14. exd4 Nxd4 15. Nxd4 Qxd4 16. Qxd4 Bxd4 17. Bf3 Ne4 18. Na4 Ba7 19. Nc5 Nxc5 20. bxc5 Be4 21. Bd4 Bxf3 22. gxf3 Rac8 23. Be3 Re7 24. Rc4 Rec7 25. Rb1 Bxc5 26. Bxc5 Rxc5 27. Rxc5 Rxc5 28. Rxb7 g6 29. Rb4 Kf8 30. Ra4 a5 31. Re4 Rc3 32. Ra4 Rc5 33. Re4 Rc3 34. Ra4 Rc5 1/2-1/2

[Event "Innsbruck op 5th"]
[Site "Innsbruck"]
[Date "2021.08.24"]
[Round "5"]
[White "Arnold, Max"]
[Black "Herega, Nejc"]
[Result "1-0"]
[WhiteElo "2316"]
[BlackElo "2123"]
[PlyCount "77"]
[EventDate "2021.08.21"]
[EventType "swiss"]
[EventRounds "9"]
[EventCountry "AUT"]
[SourceTitle "CBM 204 Extra"]
[Source "ChessBase"]
[SourceDate "2021.11.30"]
[SourceVersion "1"]
[SourceVersionDate "2021.11.30"]
[SourceQuality "1"]

1. e4 c5 2. Nc3 Nc6 3. Bb5 Nd4 4. Nf3 Nxb5 5. Nxb5 d5 6. exd5 a6 7. Nc3 Nf6 8. d4 Nxd5 9. dxc5 Nxc3 10. Qxd8+ Kxd8 11. bxc3 f6 12. Rb1 e5 13. Be3 Kc7 14. Nd2 Be6 15. Rb6 Bd5 16. 0-0 Be7 17. c4 Bc6 18. Nb1 Rhd8 19. Nc3 g5 20. Rfb1 Rab8 21. g4 Bf3 22. Nd5+ Bxd5 23. cxd5 Rxd5 24. c4 Rdd8 25. Kg2 h5 26. h3 hxg4 27. hxg4 Rh8 28. Kf3 f5 29. gxf5 Rh4 30. c6 Rxc4 31. Rxb7+ Rxb7 32. cxb7 g4+ 33. Kg3 Rb4 34. Rxb4 Bxb4 35. Bh6 Be7 36. Bg7 e4 37. f6 Bc5 38. f7 e3 39. fxe3 1-0

[Event "Titled Tuesday intern op 19th Jan"]
[Site "Chess.com INT"]
[Date "2021.01.19"]
[Round "4"]
[White "Shankovsky, Andriy"]
[Black "Arnold, Max"]
[Result "1-0"]
[WhiteElo "2406"]
[BlackElo "2305"]
[PlyCount "79"]
[EventDate "2021.01.19"]
[EventType "swiss (blitz)"]
[EventRounds "11"]
[EventCountry "USA"]
[SourceTitle "CBM 200 Extra"]
[Source "ChessBase"]
[SourceDate "2021.03.31"]
[SourceVersion "1"]
[SourceVersionDate "2021.03.31"]
[SourceQuality "1"]

1. e4 e5 2. Nf3 Nc6 3. d4 exd4 4. Nxd4 Bc5 5. Be3 Qf6 6. Nb5 Bxe3 7. fxe3 Kd8 8. N1c3 Nge7 9. Qf3 a6 10. Qxf6 gxf6 11. Nd4 d6 12. Nxc6+ bxc6 13. 0-0-0 Be6 14. Ne2 Kc8 15. Nf4 Kb7 16. Nh5 f5 17. exf5 Nxf5 18. Nf4 Nxe3 19. Re1 Nxf1 20. Rhxf1 Rae8 21. Nxe6 Rxe6 22. Rxe6 fxe6 23. Rf6 e5 24. Kd2 Rg8 25. g3 Rg7 26. Rh6 d5 27. c3 e4 28. Ke3 Rf7 29. Ke2 a5 30. a3 a4 31. Rh5 Kb6 32. Rh4 Kb5 33. Rf4 Re7 34. Rf6 c5 35. Rf5 Kc4 36. h3 d4 37. cxd4 cxd4 38. g4 e3 39. Ra5 d3+ 40. Ke1 1-0

[Event "Titled Tuesday intern op 29th Dec"]
[Site "Chess.com INT"]
[Date "2020.12.29"]
[Round "9"]
[White "Efremov, Vladislav"]
[Black "Arnold, Max"]
[Result "1-0"]
[WhiteElo "2100"]
[BlackElo "2305"]
[PlyCount "97"]
[EventDate "2020.12.29"]
[EventType "swiss (blitz)"]
[EventRounds "11"]
[EventCountry "USA"]
[SourceTitle "CBM 200 Extra"]
[Source "ChessBase"]
[SourceDate "2021.03.31"]
[SourceVersion "1"]
[SourceVersionDate "2021.03.31"]
[SourceQuality "1"]

1. d4 d5 2. c4 c6 3. Nf3 Nf6 4. Qb3 dxc4 5. Qxc4 Bg4 6. Nbd2 e6 7. g3 Nbd7 8. Bg2 Be7 9. 0-0 0-0 10. Qb3 Qc7 11. Nc4 Nb6 12. Bf4 Qc8 13. Nxb6 axb6 14. Qxb6 Nd5 15. Qb3 Nxf4 16. gxf4 Bd6 17. e3 Bxf3 18. Bxf3 Qc7 19. Bg2 Kh8 20. a3 Rg8 21. Kh1 g5 22. fxg5 Rxg5 23. f4 Rg7 24. Qd3 Rag8 25. Rg1 Qa5 26. Bf3 Rxg1+ 27. Rxg1 Rxg1+ 28. Kxg1 Qe1+ 29. Kg2 Kg7 30. Bd1 f5 31. Qe2 Qxe2+ 32. Bxe2 c5 33. dxc5 Bxc5 34. Kf3 Kf6 35. b4 Bd6 36. e4 fxe4+ 37. Kxe4 e5 38. f5 b6 39. Bd3 Bc7 40. Kd5 Bd8 41. Kc6 Kg5 42. Kd7 Bf6 43. Kc7 Kf4 44. Kxb6 e4 45. Ba6 e3 46. Be2 Kxf5 47. a4 Ke5 48. a5 Kd4 49. b5 1-0

[Event "Titled Tuesday intern op 29th Dec"]
[Site "Chess.com INT"]
[Date "2020.12.29"]
[Round "7"]
[White "Miroshnik, Ekaterina"]
[Black "Arnold, Max"]
[Result "1-0"]
[WhiteElo "2118"]
[BlackElo "2305"]
[PlyCount "105"]
[EventDate "2020.12.29"]
[EventType "swiss (blitz)"]
[EventRounds "11"]
[EventCountry "USA"]
[SourceTitle "CBM 200 Extra"]
[Source "ChessBase"]
[SourceDate "2021.03.31"]
[SourceVersion "1"]
[SourceVersionDate "2021.03.31"]
[SourceQuality "1"]

1. d3 d5 2. Nf3 Bg4 3. Nbd2 Nd7 4. h3 Bxf3 5. exf3 e5 6. g3 Ngf6 7. Bg2 Bd6 8. 0-0 0-0 9. c3 c6 10. Re1 Re8 11. Nf1 Qc7 12. Nh2 a5 13. Ng4 a4 14. a3 Rad8 15. Bg5 b5 16. Bxf6 Nxf6 17. Nxf6+ gxf6 18. Qd2 Kg7 19. d4 Re7 20. dxe5 fxe5 21. Qg5+ Kh8 22. h4 Qd7 23. Kh2 Qe6 24. f4 f6 25. Qh5 Qf7 26. Qxf7 Rxf7 27. fxe5 fxe5 28. Kg1 Rdf8 29. Re2 e4 30. Bh3 Bc5 31. Rf1 Rf3 32. Kg2 e3 33. Bg4 Rxf2+ 34. Rexf2 exf2 35. Bd7 Rf6 36. Bg4 Kg7 37. Bh3 Rf7 38. g4 Re7 39. g5 h6 40. Kg3 hxg5 41. hxg5 Kg6 42. Bg2 Kxg5 43. Rh1 Re1 44. Bf1 d4 45. Kxf2 Re7 46. Kf3 dxc3 47. bxc3 Re3+ 48. Kg2 Rxc3 49. Rh8 Bxa3 50. Rg8+ Kf6 51. Be2 Bb2 52. Rc8 a3 53. Ra8 1-0

[Event "Titled Tuesday intern op 29th Dec"]
[Site "Chess.com INT"]
[Date "2020.12.29"]
[Round "11"]
[White "Sviridova, Vlada"]
[Black "Arnold, Max"]
[Result "0-1"]
[WhiteElo "2144"]
[BlackElo "2305"]
[PlyCount "100"]
[EventDate "2020.12.29"]
[EventType "swiss (blitz)"]
[EventRounds "11"]
[EventCountry "USA"]
[SourceTitle "CBM 200 Extra"]
[Source "ChessBase"]
[SourceDate "2021.03.31"]
[SourceVersion "1"]
[SourceVersionDate "2021.03.31"]
[SourceQuality "1"]

1. d4 Nf6 2. c4 g6 3. Nc3 d5 4. cxd5 Nxd5 5. e4 Nxc3 6. bxc3 Bg7 7. Bc4 c5 8. Ne2 0-0 9. 0-0 Nc6 10. Be3 e6 11. Rc1 b6 12. Qd2 Bb7 13. Rfd1 Qc7 14. Bf4 e5 15. Bg3 Na5 16. Bd3 Qe7 17. dxe5 Bxe5 18. Bxe5 Qxe5 19. Qf4 Nc6 20. Qxe5 Nxe5 21. Bc2 Rad8 22. h3 Kg7 23. f4 Nc4 24. Kf2 Na3 25. e5 Nxc2 26. Rxd8 Rxd8 27. Rxc2 Be4 28. Rb2 Rd3 29. c4 Bf5 30. Nc1 Rd4 31. Nb3 Rxc4 32. g4 Be6 33. Ke3 Rc3+ 34. Ke4 Rxh3 35. Nd2 Bxg4 36. a4 Bf5+ 37. Kd5 Rd3+ 38. Kc6 Rd4 39. a5 bxa5 40. Kxc5 Rxf4 41. Nc4 h5 42. Nxa5 h4 43. Nc4 h3 44. Rh2 Rf3 45. Nd2 Rg3 46. Nf1 Rg2 47. Rh1 Rf2 48. Ng3 a5 49. Nxf5+ gxf5 50. Rxh3 Re2 0-1

[Event "Titled Tuesday intern op 29th Dec"]
[Site "Chess.com INT"]
[Date "2020.12.29"]
[Round "1"]
[White "Weetik, Vjacheslav"]
[Black "Arnold, Max"]
[Result "1-0"]
[WhiteElo "2423"]
[BlackElo "2305"]
[PlyCount "51"]
[EventDate "2020.12.29"]
[EventType "swiss (blitz)"]
[EventRounds "11"]
[EventCountry "USA"]
[SourceTitle "CBM 200 Extra"]
[Source "ChessBase"]
[SourceDate "2021.03.31"]
[SourceVersion "1"]
[SourceVersionDate "2021.03.31"]
[SourceQuality "1"]

1. d4 Nf6 2. c4 e6 3. Nf3 Bb4+ 4. Nbd2 0-0 5. e3 d5 6. a3 Be7 7. b4 a5 8. b5 c5 9. Bb2 Nbd7 10. Qc2 cxd4 11. Bxd4 dxc4 12. Bxc4 a4 13. 0-0 Nc5 14. Ne5 Bd7 15. Rfd1 Rc8 16. Qa2 Qa5 17. Ndf3 Rfd8 18. Bxc5 Bxc5 19. Nxd7 Nxd7 20. Bxe6 Qxb5 21. Ng5 Ne5 22. Bxc8 Rxc8 23. Qd5 h6 24. Ne4 Nc4 25. Rab1 Qc6 26. Qxc4 1-0

[Event "Titled Tuesday intern op 24th Nov"]
[Site "Chess.com INT"]
[Date "2020.11.24"]
[Round "8"]
[White "Tejedor Fuente, Enrique"]
[Black "Arnold, Max"]
[Result "0-1"]
[WhiteElo "2442"]
[BlackElo "2305"]
[PlyCount "82"]
[EventDate "2020.11.24"]
[EventType "swiss (blitz)"]
[EventRounds "11"]
[EventCountry "USA"]
[SourceTitle "CBM 199 Extra"]
[Source "ChessBase"]
[SourceDate "2021.01.31"]
[SourceVersion "1"]
[SourceVersionDate "2021.01.31"]
[SourceQuality "1"]

1. f4 d5 2. Nf3 g6 3. d3 Bg7 4. e4 dxe4 5. dxe4 Qxd1+ 6. Kxd1 Nc6 7. Bb5 Bd7 8. Ke2 a6 9. Bxc6 Bxc6 10. Nbd2 0-0-0 11. Re1 Nf6 12. Kf2 Nd7 13. Rb1 e5 14. Nc4 exf4 15. Bxf4 Rhe8 16. Nfd2 Nc5 17. e5 Ne6 18. Be3 h6 19. Rbd1 Nd4 20. c3 Nc2 21. Re2 Nxe3 22. Rxe3 Bf8 23. b4 b5 24. Na5 Ba8 25. Nab3 Rd5 26. Rde1 c5 27. Nf3 cxb4 28. cxb4 Bxb4 29. Rc1+ Kb8 30. Kg3 Be7 31. Rec3 Bf8 32. Rc7 Bg7 33. Rxf7 Bxe5+ 34. Nxe5 Rdxe5 35. Na5 R5e7 36. Rf6 Re6 37. Rf7 R6e7 38. Rxe7 Rxe7 39. h3 g5 40. Kh2 Re2 41. Kg3 Rxg2# 0-1

[Event "Titled Tuesday intern op 10th Nov"]
[Site "Chess.com INT"]
[Date "2020.11.10"]
[Round "2"]
[White "Arnold, Max"]
[Black "Golubev, Mikhail"]
[Result "0-1"]
[WhiteElo "2305"]
[BlackElo "2461"]
[PlyCount "58"]
[EventDate "2020.11.10"]
[EventType "swiss (blitz)"]
[EventRounds "11"]
[EventCountry "USA"]
[SourceTitle "CBM 199 Extra"]
[Source "ChessBase"]
[SourceDate "2021.01.31"]
[SourceVersion "1"]
[SourceVersionDate "2021.01.31"]
[SourceQuality "1"]

1. e4 c5 2. Nf3 d6 3. d4 Nf6 4. Nc3 cxd4 5. Nxd4 Nc6 6. Bg5 e6 7. Qd2 a6 8. 0-0-0 Bd7 9. f4 Be7 10. Nf3 b5 11. Bd3 b4 12. Ne2 Qa5 13. Kb1 0-0 14. Ng3 Qb6 15. e5 Nd5 16. Bxe7 Ncxe7 17. Ka1 a5 18. Ne4 dxe5 19. fxe5 a4 20. h4 b3 21. h5 a3 22. cxb3 axb2+ 23. Qxb2 Nb4 24. Bb1 Ned5 25. h6 Rfc8 26. hxg7 Nxa2 27. Bxa2 Nb4 28. Nf6+ Kxg7 29. Rxh7+ Kg6 0-1